Catálogo - Centro de Recursos para el Aprendizaje y la Investigación

Volver al Sitio - CRAI Biblioteca

Aquí está la estrategia : (Registro nro. 114291)

Detalles MARC
000 -CABECERA
campo de control de longitud fija 02069nam a2200265 4500
001 - NÚMERO DE CONTROL
campo de control 114289
003 - IDENTIFICADOR DEL NÚMERO DE CONTROL
campo de control DR-UNIBE
005 - FECHA Y HORA DE LA ÚLTIMA TRANSACCIÓN
campo de control 20260109120610.0
008 - DATOS DE LONGITUD FIJA--INFORMACIÓN GENERAL
campo de control de longitud fija 260109b2025 sp ||||| |||| 00| 0 spa d
020 ## - NÚMERO INTERNACIONAL ESTÁNDAR DEL LIBRO
Número Internacional Estándar del Libro 9791254990537
040 ## - FUENTE DE LA CATALOGACIÓN
Centro catalogador/agencia de origen BIBLIOTECA UNIBE
Centro/agencia transcriptor BIBLIOTECA UNIBE
Normas de descripción rda
041 ## - CÓDIGO DE LENGUA
Código de lengua del texto/banda sonora o título independiente spa
Código de lengua original eng
082 ## - NÚMERO DE LA CLASIFICACIÓN DECIMAL DEWEY
Número de clasificación 650.1 G585a
100 1# - ENTRADA PRINCIPAL--NOMBRE DE PERSONA
Nombre de persona Godin, Seth,
Fechas asociadas al nombre 1960-
Término indicativo de función/relación autor
9 (RLIN) 177495
245 13 - MENCIÓN DE TÍTULO
Título Aquí está la estrategia :
Resto del título pensar y construir el futuro /
Mención de responsabilidad, etc. Seth Godin
260 ## - PUBLICACIÓN, DISTRIBUCIÓN, ETC.
Lugar de publicación, distribución, etc. [Lugar de publicación no identificado] :
Nombre del editor, distribuidor, etc. Hoepli Ediciones,
Fecha de publicación, distribución, etc. 2025
300 ## - DESCRIPCIÓN FÍSICA
Extensión [272] páginas :
Otras características físicas ilustraciones
520 #3 - SUMARIO, ETC.
Sumario, etc. ¡Crea las condiciones necesarias para el cambio! Un clásico moderno escrito por uno de los pensadores más influyentes del mundo de los negocios. Un enfoque innovador para crear un cambio significativo, bien se trate de revolucionar un sector, poner en marcha un movimiento o desarrollar una carrera como profesional independiente. En esta continuación de su gran éxito de ventas, "Esto es marketing", Godin proporciona el armazón necesario para crear una estrategia eficaz y elegante y ofrece las piezas fundamentales para que el cambio se haga realidad. Desafía al lector a ver la imagen global -- a priorizar el concepto a largo plazo por encima de los remedios chapuceros y rápidos -- y a tomar decisiones inteligentes y enfocadas a objetivos que den forma a un mañana mejor. Un libro de lectura obligatoria para cualquiera que busque impulsar un cambio positivo; un grito de guerra para hacer ese trabajo que realmente importa y una guía práctica para transformar visiones en realidad. La estrategia transforma nuestros esfuerzos en impacto.Con esa claridad y esa perspicacia tan características de Godin, este libro inspirará al lector a pensar en grande, a actuar con más audacia y a marcar la diferencia
650 ## - PUNTO DE ACCESO ADICIONAL DE MATERIA--TÉRMINO DE MATERIA
Fuente del encabezamiento o término lemb
Término de materia o nombre geográfico como elemento de entrada Planificación
650 ## - PUNTO DE ACCESO ADICIONAL DE MATERIA--TÉRMINO DE MATERIA
Fuente del encabezamiento o término lemb
Término de materia o nombre geográfico como elemento de entrada Cambio
9 (RLIN) 111122
650 ## - PUNTO DE ACCESO ADICIONAL DE MATERIA--TÉRMINO DE MATERIA
Fuente del encabezamiento o término lemb
Término de materia o nombre geográfico como elemento de entrada Negocios
700 1# - PUNTO DE ACCESO ADICIONAL--NOMBRE DE PERSONA
Nombre de persona Escario, Carlos
Término indicativo de función/relación prologuista
9 (RLIN) 201597
700 ## - PUNTO DE ACCESO ADICIONAL--NOMBRE DE PERSONA
Nombre de persona Murillo, Isabel,
Término indicativo de función/relación traductor
9 (RLIN) 177594
942 ## - ELEMENTOS DE PUNTO DE ACCESO ADICIONAL (KOHA)
Fuente del sistema de clasificación o colocación Sistema de Clasificación Decimal Dewey
Tipo de ítem Koha Libro (general)
Existencias
Estado de retiro Estado de pérdida Fuente del sistema de clasificación o colocación No para préstamo Código de colección Localización permanente Ubicación en estantería Fecha de adquisición Total de préstamos Signatura topográfica completa Código de barras Fecha visto por última vez Número de copia Precio válido a partir de Tipo de ítem Koha
  Disponible Sistema de Clasificación Decimal Dewey   General Biblioteca Central UNIBE Área de exhibición 23/03/2026   650.1 G585a 260007 09/01/2026 Ej. 1 09/01/2026 Libro (general)